Statystyki dla Pal Hajs TV

Kliknij tutaj aby rozwiązać quiz!

Ogólne statystyki

  • Ten quiz został rozwiązany 111 razy
  • Średni wynik to 10 z 13

Statystyki odpowiedzi

HintOdpowiedź% Poprawnych
Raper luj, fighter MMABonus BGC
100%
RedaktorWuwunio
98%
Raper tego typu, jest górąTiger Bonzo
98%
Raper fafluniarz, jest dołemBodychrist
95%
Żona Rapera tego typu bencKobra
95%
Operator aparatuJanczar
91%
Pani RedaktorowaLuiza
87%
KawalarzSowa
84%
Młody Wilk Popkillera 2013Bonez
69%
Raper od urodzinTede
56%
Polak, ponoć Skandynaw, perła SkierniewicSebastian Szwed
52%
Wielki nieobecny na WigiliiGracjan Roztocki
46%
Wyżera statki morskieKraken
44%

Rozkład punktacji

Percentyl według liczby udzielonych odpowiedzi

Procent ludzi z każdym wynikiem

Twoja historia wyników

Nie rozwiązałeś tego quizu